British Celebrities on the Simpsons Quiz Stats

 Plays Quiz Updated Oct 9, 2014

Challenge
Share
Tweet
Score 0/20 Timer 08:00
0 Plays Today
% Correct
Stephen Hawking
94.6%
Queen Elizabeth II
84.1%
JK Rowling
81.2%
Prince Charles
79.9%
William Shakespeare
78.4%
Ringo Starr
76.2%
Gordon Ramsay
74.6%
Sir Paul McCartney
72.1%
Mick Jagger
69.4%
Sir Alfred Hitchcock
65.8%
% Correct
Tom Jones
65.2%
The Who
59.7%
Elizabeth Taylor
56%
Russell Brand
54.5%
Tony Blair
42.5%
Sir Ian McKellen
39%
George Harrison
36%
Ricky Gervais
26%
Peter Frampton
24.1%
The Moody Blues
14%

You're not logged in!

Compare scores with friends on all Sporcle quizzes.
OR
Log In

You Might Also Like...

Show Comments

Extras

Top Quizzes Today


Score Distribution

Your Account Isn't Verified!

In order to create a playlist on Sporcle, you need to verify the email address you used during registration. Go to your Sporcle Settings to finish the process.

Report this User

Report this user for behavior that violates our Community Guidelines.

Details: